|
|
|
|
| LEADER |
00000nam0a2200000 4500 |
| 001 |
149210 |
| 005 |
20231101221416.0 |
| 010 |
|
|
|a 5648009755
|
| 035 |
|
|
|a (RuTPU)RU\TPU\book\161751
|
| 090 |
|
|
|a 149210
|
| 100 |
|
|
|a 20081212d1991 m y0rusy50 ca
|
| 101 |
0 |
|
|a rus
|
| 102 |
|
|
|a UZ
|
| 105 |
|
|
|a a z 001zy
|
| 200 |
1 |
|
|a Задачи нестационарной фильтрации в областях с подвижной границей
|f А. Бегматов
|g Ташкентский государственный университет ; под ред. П. Я. Полубариновой-Кочиной
|
| 210 |
|
|
|a Ташкент
|c Фан
|d 1991
|
| 215 |
|
|
|a 136 с.
|c ил.
|
| 320 |
|
|
|a Библиогр.: с. 131-134.
|
| 610 |
1 |
|
|a физика
|
| 610 |
1 |
|
|a фильтрация
|
| 610 |
1 |
|
|a краевые задачи
|
| 610 |
1 |
|
|a дифференциальные уравнения
|
| 610 |
1 |
|
|a дифференциальные уравнения
|
| 610 |
1 |
|
|a плоские задачи
|
| 610 |
1 |
|
|a гидродинамическая теория
|
| 610 |
1 |
|
|a пространственные задачи
|
| 675 |
|
|
|a 532.54(076)
|v 3
|
| 700 |
|
1 |
|a Бегматов
|b А.
|g Абдували
|
| 702 |
|
1 |
|a Полубаринова-Кочина
|b П. Я.
|4 340
|
| 712 |
0 |
2 |
|a Ташкентский государственный университет
|2 stltpush
|3 (RuTPU)RU\TPU\col\10690
|9 24904
|
| 801 |
|
1 |
|a RU
|b 63413507
|c 20081212
|g PSBO
|
| 801 |
|
2 |
|a RU
|b 63413507
|c 20090310
|g PSBO
|
| 942 |
|
|
|c BK
|